Southville International School and Colleges
Your cart is empty.
  • Cart
  • Lists
    Public lists Eva Luna New books Lux_list list_1
    Your lists Log in to create your own lists
  • Log in to your account
  • Your cookies
  • Search history
Southville International School and Colleges
  • Advanced search
  • Recent comments
  • Most popular
  • Libraries

Log in to your account

Log in with GOOGLE


If you do not have an external account, but do have a local account, you can still log in:

  1. Home
  2. MARC view: Your roadmap for success :
Normal view MARC view ISBD view

Your roadmap for success : (Record no. 14894)

[ view plain ]
MARC details
000 -LEADER
fixed length control field 00604nam a2200193 a 4500
003 - CONTROL NUMBER IDENTIFIER
control field PILC
005 - DATE AND TIME OF LATEST TRANSACTION
control field 20150112093446.0
008 - FIXED-LENGTH DATA ELEMENTS--GENERAL INFORMATION
fixed length control field 100722s19uu xx 00 eng d
020 ## - INTERNATIONAL STANDARD BOOK NUMBER
International Standard Book Number 0785265759
050 ## - LIBRARY OF CONGRESS CALL NUMBER
Classification number BF 637
Item number .M465 2002
082 ## - DEWEY DECIMAL CLASSIFICATION NUMBER
Classification number PSF 158
Item number M45 2002
100 ## - MAIN ENTRY--PERSONAL NAME
Personal name Maxwell, John
9 (RLIN) 23245
245 ## - TITLE STATEMENT
Title Your roadmap for success :
Remainder of title You can get there from here Workbook /
Statement of responsibility, etc John C. Maxwell
260 ## - PUBLICATION, DISTRIBUTION, ETC. (IMPRINT)
Place of publication, distribution, etc Nashville, Tennessee :
Name of publisher, distributor, etc Thomas Nelson, Inc,
Date of publication, distribution, etc 2002.
300 ## - PHYSICAL DESCRIPTION
Extent 248 pages :
Dimensions 24 cm.
650 ## - SUBJECT ADDED ENTRY--TOPICAL TERM
Topical term or geographic name as entry element Success - Psychological aspects
650 ## - SUBJECT ADDED ENTRY--TOPICAL TERM
Topical term or geographic name as entry element Self improvement
9 (RLIN) 23246
942 ## - ADDED ENTRY ELEMENTS (KOHA)
Source of classification or shelving scheme Library of Congress Classification
Koha item type Books
Holdings
Withdrawn status Lost status Source of classification or shelving scheme Damaged status Home library Current library Shelving location Date acquired Total Checkouts Full call number Barcode Date last seen Copy number Price effective from Koha item type
    Library of Congress Classification   Southville International School Affiliated with Foreign Universities Library Southville International School Affiliated with Foreign Universities Library Southville Foreign University Section 10/03/2013   BF 637 .M465 2002 SFU1106 05/15/2018 1 10/03/2013 Books

Your roadmap for success :

APA

Maxwell J., . (2002). Your roadmap for success. Nashville, Tennessee: Thomas Nelson, Inc.

Chicago

Maxwell John, . 2002. Your roadmap for success. Nashville, Tennessee: Thomas Nelson, Inc.

Harvard

Maxwell J., . (2002). Your roadmap for success. Nashville, Tennessee: Thomas Nelson, Inc.

MLA

Maxwell John, . Your roadmap for success. Nashville, Tennessee: Thomas Nelson, Inc. 2002.

  • Place hold
  • Print
  • Cite
  • Add to your cart (remove)
  • Save record
    BIBTEX Dublin Core MARCXML MARC (non-Unicode/MARC-8) MARC (Unicode/UTF-8) MARC (Unicode/UTF-8, Standard) MODS (XML) RIS
  • More searches
    Search for this title in:
    Other Libraries (WorldCat) Other Databases (Google Scholar) Online Stores (Bookfinder.com) Open Library (openlibrary.org)

Exporting to Dublin Core...

SOUTHVILLE LIBRARY

Southville International School and Colleges Library

1281 Tropical Ave. Cor. Luxembourg St., BF Homes International, Las Pinas City

Tel. No. 8256374 / 252358 Loc. 117/146

Powered by Koha